Hide and Seek - Countries #26 - Statistics

General Stats
  • This quiz has been taken 10 times
  • The average score is 6 of 9
Answer Stats
Answer % Correct
Angola
89%
Central African Republic
89%
Republic of the Congo
89%
South Sudan
78%
Burundi
67%
Rwanda
67%
Uganda
67%
Zambia
67%
They all border the DRC.
0%
No matching quizzes found
Score Distribution
Percent of People with Each Score
Percentile by Number Answered
Your Score History
You have not taken this quiz